Countries that Border 2 or More Oceans - Statistics

General Stats
  • This quiz has been taken 33 times
  • The average score is 17 of 22
Answers on the Map
Answers color-coded by a green-red scale on the quiz's map according to % correct below.
 
Answer Stats
Country % Correct
Canada
100%
Mexico
100%
Russia
100%
United States of America
100%
Australia
93%
Panama
93%
Nicaragua
90%
Costa Rica
86%
Indonesia
86%
South Africa
86%
Argentina
83%
Guatemala
83%
Honduras
83%
Chile
79%
Malaysia
76%
Columbia
69%
Iceland
66%
Norway
66%
Thailand
59%
Egypt
52%
Israel
31%
East Timor
28%
No matching quizzes found
Score Distribution
Percent of People with Each Score
Percentile by Number Answered
Your Score History
You have not taken this quiz